Legislations and regulations governing hillside development

Bibliographic Details
Main Author: Azimuddin Bahari
Format: Book
Published: 2003?
Subjects:

MARC

LEADER 00000cam a2200000 7i4500
001 0000016219
005 20150917.0
040 |a INS 
090 0 0 |a KK150 
100 1 |a Azimuddin Bahari 
245 1 0 |a Legislations and regulations governing hillside development   |c Azimuddin Bahari 
260 |a 2003? 
300 |a 1 vol.(Various paging) :   |b ill ;   |c 30cm. 
650 0 0 |a Uplands   |z Malaysia 
999 |a KK00000365   |b BOOK   |c Course Notes   |e Default branch 
999 |a KK00000416   |b BOOK   |c Course Notes   |e Default branch 
999 |a KK00000969   |b BOOK   |c Project papers   |e Default branch 
999 |a KK00000970   |b BOOK   |c Project papers   |e Default branch